Cấp nước dân dụng và công nghệ

Shranjeno v:
Bibliografske podrobnosti
Glavni avtor: Lê Long
Format: Knjiga
Jezik:Undetermined
Izdano: Hà Nội Xây dựng 1980
Teme:
Oznake: Označite
Brez oznak, prvi označite!
Thư viện lưu trữ: Trung tâm Học liệu Trường Đại học Cần Thơ
LEADER 00554nam a2200181Ia 4500
001 CTU_11926
008 210402s9999 xx 000 0 und d
082 |a 696.1 
082 |b L431 
100 |a Lê Long 
245 0 |a Cấp nước dân dụng và công nghệ 
245 0 |c Lê Long 
260 |a Hà Nội 
260 |b Xây dựng 
260 |c 1980 
650 |a buildings - environmental engineering,domestic engineering,water - distribution 
904 |i Minh, 961105 
980 |a Trung tâm Học liệu Trường Đại học Cần Thơ